01108nas a2200325 4500001001300000003000900013005001700022007000300039008003400042040005400076072000800130100002300138100002300161100002000184245012800204650002200332650002400354650002400378650001500402650000800417650000800425650001600433650001900449650001400468773007900482909004000561942001800601999001900619952014400638BR2013001951BR-BrBNA20231205122147.0ta230509b bl.|||p| |||| 00| 00por d aBR-BrBNAbporcBiblioteca Nacional de Agricultura aM401 aBaumgarten, M.G.Z.1 aNiencheski, L.F.h.1 aKuroshima, K.N.1 aQualidade das águas estuarinas que margeiam o município do Rio Grande (RS, Brasil): nutrientes e detergente dissolvidos aRIO GRANDE DO SUL aECOLOGIA AQUÁTICA aQUALIDADE DA ÁGUA aESTUÁRIO aRIO aMAR aÁGUA DOCE aÁGUA SALGADA aNUTRIENTE0 tAtlântica (Brazil)xISSN 0102-1656g(1995), v. 17 p. 17-34wBR2013001951 a202311bLúciac55dLúcia Elande 2AGRISn0cANA c227216d227216 002AGRIS4071a41918b41918cPeriódicos Agrícolash(1995), v. 17 p. 17-34l0r2023-11-29t01yCRePortaria Interministerial nº 164/94